LEADER 03882nam 2200673 450 001 996206998003316 005 20230621140013.0 010 $a88-8453-769-X 035 $a(CKB)3400000000020549 035 $a(ItFiC)it 0833014X 035 $a(SSID)ssj0000985985 035 $a(PQKBManifestationID)11543094 035 $a(PQKBTitleCode)TC0000985985 035 $a(PQKBWorkID)10933428 035 $a(PQKB)11256990 035 $a(WaSeSS)Ind00073900 035 $a(oapen)https://directory.doabooks.org/handle/20.500.12854/33080 035 $a(EXLCZ)993400000000020549 100 $a20091204h20082008 uy 0 101 0 $aita 135 $aurm|#|||||||| 181 $ctxt$2rdacontent 182 $cc$2rdamedia 183 $acr$2rdacarrier 200 02$aL'inclusione sociale e il dialogo interculturale nei contesti europei $estrumenti per l'educazione, la formazione e l'accesso al lavoro /$fa cura di Vanna Boffo, Francesca Torlone 210 $cFirenze University Press$d2008 210 1$aFirenze :$cFirenze University Press,$d2008. 210 4$d©2008 215 $a1 online resource (vi, 221 pages) $cillustrations; digital, PDF file(s) 225 1 $aProceedings e report ;$v41 300 $aProceedings, Florence, 2008. 311 08$aPrint version: 9788884537683 320 $aIncludes bibliographical references. 330 $aThe book contains the proceedings of the European conference and review «Products and experiences for intercultural dialogue: Best practices for social inclusion in Italy and Europe" held in Florence on 18 January 2008 in the framework of the project «Social Inclusion: How Leonardo da Vinci Projects Contribueted to Make it Effective». With a social and pedagogic/educational approach, the text is designed to make a specific contribution to the knowledge and evaluation of quality products, carefully selected by European experts, regarding three fundamental aspects of social inclusion and intercultural dialogue: learning on the part of the immigrants of the language and culture of the host country; reception and inclusion in the workplace; the protection of the health and safety of the immigrants. 330 $aIl volume raccoglie gli atti della Conferenza e Rassegna Europea «Prodotti ed esperienze per il dialogo interculturale. Le migliori pratiche per l'inclusione sociale in Italia e in Europa», svoltasi a Firenze il 18 gennaio 2008, nell'ambito del progetto «Social Inclusion: How Leonardo da Vinci Projects Contribueted to Make it Effective». Con un approccio di carattere sociale e pedagogico/educativo il testo intende apportare un contributo specifico alla conoscenza e alla valutazione di prodotti di qualitą, accuratamente selezionati da esperti europei, riguardanti tre aspetti fondamentali dell'inclusione sociale e del dialogo interculturale: l'apprendimento da parte degli immigrati della lingua e della cultura del paese ospitante; l'accoglienza e l'inclusione nei luoghi di lavoro; la salvaguardia della salute e della sicurezza degli immigrati. 410 0$aProceedings e report (Firenze University Press) ;$v41. 606 $aSociology & Social History$2HILCC 606 $aSocial Sciences$2HILCC 606 $aSocial Change$2HILCC 610 $aunione europea 610 $aintegration 610 $aintegrazione 610 $aatti di convegno 610 $aeuropean union 610 $aproceedings 615 7$aSociology & Social History 615 7$aSocial Sciences 615 7$aSocial Change 676 $a370 700 $aBoffo$b Vanna$4auth$0472972 702 $aBoffo$b Vanna 702 $aTorlone$b Francesca 801 0$bItFiC 801 1$bItFiC 801 2$bUkMaJRU 906 $aBOOK 912 $a996206998003316 996 $aL'inclusione sociale e il dialogo interculturale nei contesti europei$93384159 997 $aUNISA LEADER 01651nam 2200421Ia 450 001 9910700865003321 005 20110822151100.0 035 $a(CKB)5470000002412366 035 $a(OCoLC)747503973 035 $a(EXLCZ)995470000002412366 100 $a20110822d2011 ua 0 101 0 $aeng 135 $aurcn||||||||| 181 $ctxt$2rdacontent 182 $cc$2rdamedia 183 $acr$2rdacarrier 200 12$aA comprehensive approach to characterizing the hazards of explosive countermeasures with respect to dismounted troops$b[electronic resource] /$fPatricia S. Frounfelker, Stephen P. Swann, and Gregory K. Dietrich 210 1$aAberdeen Proving Ground, MD :$cArmy Research Laboratory,$d[2011] 215 $a1 online resource (iv, 18 pages) $ccolor illustrations 225 1 $aARL-TR ;$v5608 300 $aTitle from title screen (viewed on Aug. 19, 2011). 300 $a"July 2011." 320 $aIncludes bibliographical references (page 14). 606 $aExplosives, Military 606 $aArmored vehicles, Military$xProtection 607 $aUnited States$xArmed Forces$xSafety measures 615 0$aExplosives, Military. 615 0$aArmored vehicles, Military$xProtection. 700 $aFrounfelker$b Patricia S$01420413 701 $aSwann$b Stephen P$01420414 701 $aDietrich$b Gregory K$01420415 712 02$aU.S. Army Research Laboratory. 801 0$bGPO 801 1$bGPO 906 $aBOOK 912 $a9910700865003321 996 $aA comprehensive approach to characterizing the hazards of explosive countermeasures with respect to dismounted troops$93538153 997 $aUNINA